INFLA-Bucherei ; 5. Deutsches Reich : Die Dienstmarken-Handstempelaufdrucke der Mecklenburgischen Steueramter 1923-24 (Record no. 1683)

000 -LEADER
fixed length control field 00538nam a22000977a 4500
008 - FIXED-LENGTH DATA ELEMENTS--GENERAL INFORMATION
fixed length control field 150810b xxu||||| |||| 00| 0 eng d
100 ## - MAIN ENTRY--AUTHOR'S NAME
Author's Name Schumann, Jen
245 ## - TITLE STATEMENT
Title INFLA-Bucherei ; 5. Deutsches Reich : Die Dienstmarken-Handstempelaufdrucke der Mecklenburgischen Steueramter 1923-24
Designation of section section/part/series: (SE) [OBSOLETE] INFLA-Bucherei ; 5
260 ## - PUBLICATION, DISTRIBUTION, ETC. (IMPRINT)
Place of publication, distribution, etc. Berlin, Germany
Name of publisher, distributor, etc. INFLA-Berlin Verein der Deutschlandsammler e.V. (Berlin-Steglitz
Date of publication, distribution, etc. 1964
500 ## - GENERAL NOTE
Materials specified Text in German: German Reich : Official overprints of the Mecklenburg tax offices 1923-24. Includes bibliographical references.
Holdings
Withdrawn status Lost status Source of classification or shelving scheme Damaged status Koha normalized classification for sorting Not for loan Permanent Location Current Location Date acquired Total Checkouts Full call number Barcode Date last seen Copy number Price effective from Koha item type
        G6081 I43 S3921   Northern Philatelic Library Northern Philatelic Library 08/10/2015   G6081 .I43 S3921 1001955 08/10/2015 1 08/10/2015 Books

Powered by Koha